[Event "WCPL 2018-9"]
[Site "?"]
[Date "2019.04.28"]
[Round "5.16"]
[White "Saunders, Walter N. R."]
[Black "Davies, Matthew"]
[Result "1/2-1/2"]
[WhiteElo "1991"]
[BlackElo "1932"]
[PlyCount "122"]
[EventDate "2018.??.??"]
[EventType "team"]
[EventRounds "5"]
[EventCountry "WLS"]
[WhiteTeam "Abergavenny"]
[BlackTeam "Nidum"]

1. Nf3 d5 2. b3 Nf6 3. Bb2 g6 4. e3 Bg7 5. Be2 O-O 6. O-O Bg4 7. h3 Bxf3 8.
Bxf3 c6 9. d4 Nbd7 10. c4 e6 11. Nc3 Nb6 12. cxd5 exd5 13. Rc1 Re8 14. Qc2 Qe7
15. Rfd1 Rad8 16. Rd2 Ne4 17. Nxe4 dxe4 18. Be2 Bf8 19. a3 Qg5 20. b4 a6 21.
Bc3 Nd5 22. Rdd1 Bd6 23. Bd2 h5 24. Bc4 Bb8 25. Be1 Qe7 26. Qe2 Kg7 27. Bxd5
Rxd5 28. Rc5 Qd6 29. g3 h4 30. Rdc1 Rh8 31. Rxd5 cxd5 32. Qg4 f5 33. Qe2 hxg3
34. fxg3 Rxh3 35. Qg2 Rh8 36. Rc5 Qe6 37. Qa2 Rd8 38. a4 b6 39. Rc2 g5 40. b5
a5 41. Rc6 Rd6 42. Rc3 Qe8 43. Qc2 Rh6 44. Rc8 Qh5 45. Qg2 Bd6 46. Rc6 Qd1 47.
Qf2 Bf8 48. Rc7+ Kg8 49. Rc8 Qf3 50. Qxf3 exf3 51. Rb8 Re6 52. Bf2 g4 53. Rd8
Rd6 54. Re8 Kf7 55. Rb8 Be7 56. Be1 Re6 57. Kf2 Bb4 58. Bxb4 axb4 59. Rc8 Re8
60. Rc7+ Re7 61. Rc6 Ra7 1/2-1/2

[Event "WCPL 2018-9"]
[Site "?"]
[Date "2019.04.27"]
[Round "5.18"]
[White "Allford, Zane"]
[Black "Sims, Chris"]
[Result "0-1"]
[WhiteElo "1709"]
[BlackElo "1789"]
[PlyCount "58"]
[EventDate "2018.??.??"]
[EventType "team"]
[EventRounds "5"]
[EventCountry "WLS"]
[WhiteTeam "Abergavenny"]
[BlackTeam "Nidum"]

1. e4 a6 2. f4 b5 3. Nf3 Bb7 4. d3 e6 5. Be3 Nf6 6. Nbd2 c5 7. Be2 Ng4 8. Nf1
Nxe3 9. Nxe3 Qf6 10. Qc1 Qxf4 11. O-O Bd6 12. g3 Qh6 13. Ng4 Qxc1 14. Raxc1 O-O
15. e5 Bc7 16. c3 Nc6 17. d4 cxd4 18. cxd4 Bb6 19. Rfd1 Rac8 20. Kf1 Nb4 21. a3
Nd5 22. Kf2 f5 23. Ne3 f4 24. Nxd5 fxg3+ 25. Kxg3 Bxd5 26. Rxc8 Rxc8 27. Bd3 h6
28. Bg6 Rc4 29. Bd3 Bxf3 0-1